[Event "Kurnosov Memorial Rapid 2019"]
[Site "Chelyabinsk"]
[Date "2019.09.06"]
[Round "4.7"]
[White "Akhtariev, Andrey"]
[Black "Drygalov, Andrey"]
[Result "0-1"]
[WhiteElo "2160"]
[BlackElo "2499"]
[Annotator "ChessBase"]
[PlyCount "50"]
[EventDate "2019.09.06"]
[EventType "swiss"]
[EventCountry "RUS"]
[SourceTitle "playchess.com"]
[Source "ChessBase"]
[SourceQuality "1"]
[TimeControl "900+10"]

1. e4 {[%emt 0:00:00]} c5 {[%emt 0:00:00]} 2. Nf3 {[%emt 0:00:00]} d6 {[%emt 0:00:00]} 3. d4 {[%emt 0:00:00]} cxd4 {[%emt 0:00:00]} 4. Nxd4 {[%emt 0:00:00]} Nf6 {[%emt 0:00:00]} 5. Nc3 a6 6. Be2 {[%emt 0:00:02]} e5 {[%emt 0:00:00]} 7. Nb3 {[%emt 0:00:01]} Be7 {[%emt 0:00:02]} 8. Qd3 {[%emt 0:00:07]} Be6 {[%emt 0:00:09]} 9. Nd5 {[%emt 0:00:02]} Nbd7 {[%emt 0:00:22]} 10. Be3 {[%emt 0:00:29]} Bxd5 {[%emt 0:00:32]} 11. exd5 {[%emt 0:00:02]} O-O {[%emt 0:00:04]} 12. O-O {[%emt 0:00:24]} Ne8 {[%emt 0:00:07]} 13. f3 {[%emt 0:00:30]} Bg5 {[%emt 0:00:25]} 14. Bf2 {[%emt 0:00:30]} f5 {[%emt 0:00:20]} 15. Rad1 {[%emt 0:00:13]} g6 {[%emt 0:00:34]} 16. a4 {[%emt 0:00:33]} Nef6 {[%emt 0:00:56]} 17. a5 {[%emt 0:00:32]} Re8 {[%emt 0:00:14]} 18. Qc3 {[%emt 0:02:16]} Rc8 {[%emt 0:03:07]} 19. Qb4 {[%emt 0:00:29]} Rxc2 {[%emt 0:00:18]} 20. Bd3 {[%emt 0:00:11]} Rxb2 {[%emt 0:00:31]} 21. Qa3 {[%emt 0:01:02]} Rxf2 {[%emt 0:00:02]} 22. Kxf2 {[%emt 0:00:09]} e4 {[%emt 0:01:06]} 23. fxe4 {[%emt 0:00:48]} Ng4+ {[%emt 0:00:53]} 24. Kg1 {[%emt 0:00:08]} Be3+ {[%emt 0:00:23]} 25. Kh1 {[%emt 0:00:02]} Qh4 {[%emt 0:00:10]} 0-1

[Event "Kurnosov Memorial Rapid 2019"]
[Site "Chelyabinsk"]
[Date "2019.09.06"]
[Round "4.8"]
[White "Sivuk, Vitaly"]
[Black "Remizov, Yaroslav"]
[Result "1/2-1/2"]
[WhiteElo "2559"]
[BlackElo "2354"]
[Annotator "ChessBase"]
[PlyCount "112"]
[EventDate "2019.09.06"]
[EventType "swiss"]
[EventCountry "RUS"]
[SourceTitle "playchess.com"]
[Source "ChessBase"]
[SourceQuality "1"]
[TimeControl "900+10"]

1. d4 {[%emt 0:00:00]} d5 {[%emt 0:00:00]} 2. c4 {[%emt 0:00:00]} e6 {[%emt 0:00:00]} 3. Nc3 {[%emt 0:00:00]} c6 {[%emt 0:00:00]} 4. e4 {[%emt 0:00:05]} dxe4 {[%emt 0:00:00]} 5. Nxe4 {[%emt 0:00:02]} Bb4+ {[%emt 0:00:01]} 6. Bd2 {[%emt 0:00:05]} Qxd4 {[%emt 0:00:02]} 7. Bxb4 {[%emt 0:00:02]} Qxe4+ {[%emt 0:00:02]} 8. Ne2 {[%emt 0:00:03]} Na6 {[%emt 0:00:35]} 9. Bf8 {[%emt 0:00:04]} Ne7 {[%emt 0:01:22]} 10. Bxg7 {[%emt 0:00:20]} Rg8 {[%emt 0:00:24]} 11. Bc3 {[%emt 0:00:43]} Nc5 {[%emt 0:06:25]} 12. Qd4 {[%emt 0:01:18]} b6 {[%emt 0:00:57]} 13. O-O-O {[%emt 0:01:01]} Ba6 {[%emt 0:00:53]} 14. Ng3 {[%emt 0:00:18]} Qxd4 {[%emt 0:00:34]} 15. Bxd4 {[%emt 0:00:04]} Rd8 {[%emt 0:00:50]} 16. Bxc5 {[%emt 0:02:08]} bxc5 {[%emt 0:01:21]} 17. Ne4 {[%emt 0:00:06]} Rxd1+ {[%emt 0:00:52]} 18. Kxd1 {[%emt 0:00:02]} Kd8 {[%emt 0:00:07]} 19. Nxc5 {[%emt 0:00:13]} Bc8 {[%emt 0:00:02]} 20. g3 {[%emt 0:00:34]} Kc7 {[%emt 0:00:14]} 21. Bd3 {[%emt 0:00:16]} f5 {[%emt 0:00:08]} 22. f4 {[%emt 0:00:26]} h5 {[%emt 0:01:16]} 23. Ke2 {[%emt 0:00:17]} Kd6 {[%emt 0:01:14]} 24. b4 {[%emt 0:00:04]} h4 {[%emt 0:00:17]} 25. Kf3 {[%emt 0:00:29]} Ng6 {[%emt 0:00:51]} 26. Rd1 {[%emt 0:00:07]} Ke7 {[%emt 0:00:16]} 27. Be2 {[%emt 0:02:10]} e5 {[%emt 0:00:13]} 28. fxe5 {[%emt 0:00:31]} Nxe5+ {[%emt 0:00:02]} 29. Kf2 {[%emt 0:00:09]} Ng4+ {[%emt 0:00:31]} 30. Bxg4 {[%emt 0:01:43]} Rxg4 {[%emt 0:00:01]} 31. Rc1 {[%emt 0:00:09]} f4 {[%emt 0:00:26]} 32. gxf4 {[%emt 0:03:18]} Rxf4+ {[%emt 0:00:01]} 33. Ke3 {[%emt 0:00:01]} Rg4 {[%emt 0:00:08]} 34. Rc2 {[%emt 0:00:06]} Bf5 {[%emt 0:00:18]} 35. Rf2 {[%emt 0:00:06]} Bg6 {[%emt 0:00:14]} 36. Rf4 {[%emt 0:00:12]} Rxf4 {[%emt 0:00:08]} 37. Kxf4 {[%emt 0:00:02]} Bf7 {[%emt 0:00:00]} 38. Ke5 {[%emt 0:00:25]} Bxc4 {[%emt 0:00:05]} 39. a3 {[%emt 0:00:01]} h3 {[%emt 0:00:10]} 40. Ne4 {[%emt 0:00:12]} Kd7 {[%emt 0:00:06]} 41. Kd4 {[%emt 0:00:36]} Bf1 {[%emt 0:00:25]} 42. Kc5 {[%emt 0:00:20]} Bg2 {[%emt 0:00:04]} 43. Ng5 {[%emt 0:00:08]} Kc7 {[%emt 0:00:11]} 44. Ne6+ {[%emt 0:00:45]} Kb7 {[%emt 0:00:19]} 45. a4 {[%emt 0:00:27]} a5 {[%emt 0:00:12]} 46. b5 {[%emt 0:01:19]} cxb5 {[%emt 0:00:01]} 47. Kxb5 {[%emt 0:00:02]} Bf1+ {[%emt 0:00:05]} 48. Kxa5 {[%emt 0:00:09]} Kc6 {[%emt 0:00:01]} 49. Kb4 {[%emt 0:00:12]} Kd5 {[%emt 0:00:06]} 50. Nc7+ {[%emt 0:00:19]} Ke4 {[%emt 0:00:05]} 51. a5 {[%emt 0:00:08]} Kf3 {[%emt 0:00:03]} 52. Nb5 {[%emt 0:00:06]} Bxb5 {[%emt 0:00:21]} 53. Kxb5 {[%emt 0:00:01]} Kg2 {[%emt 0:00:01]} 54. a6 {[%emt 0:00:01]} Kxh2 {[%emt 0:00:01]} 55. a7 {[%emt 0:00:01]} Kg1 {[%emt 0:00:02]} 56. a8=Q {[%emt 0:00:01]} h2 {[%emt 0:00:02]} 1/2-1/2

[Event "Kurnosov Memorial Rapid 2019"]
[Site "Chelyabinsk"]
[Date "2019.09.06"]
[Round "4.9"]
[White "Sysolin, Alexander"]
[Black "Belyakov, Bogdan"]
[Result "0-1"]
[WhiteElo "2076"]
[BlackElo "2495"]
[Annotator "TA"]
[PlyCount "18"]
[EventDate "2019.09.06"]
[EventType "swiss"]
[EventCountry "RUS"]
[SourceTitle "playchess.com"]
[Source "ChessBase"]
[SourceQuality "1"]

{[%evp 10,18,26,16,2,6,14,-75,-81,-347,-344]} 1. e4 e5 2. Nc3 Nf6 3. f4 d5 4. fxe5 Nxe4 5. Qf3 Nxc3 6. bxc3 c5 {C29: Vienna Game: 2...Nf6 3 f4} 7. Bb5+ Nc6 8. d4 (8. Qg3 $11) (8. Qg3 Qb6 9. Rb1 Be6 10. Nf3 O-O-O 11. Rb2 h6 12. O-O Qc7 13. Bxc6 Qxc6 14. d3 {0-1 (40) Dubov,D (2683)-Tomashevsky,E (2713) St Petersburg 2017}) 8... cxd4 $17 9. cxd4 $146 {[%mdl 8192] [#]} (9. Rb1 $17) ({Predecessor:} 9. Bxc6+ bxc6 10. cxd4 Qh4+ 11. Qf2 Bb4+ 12. Kf1 Qxf2+ 13. Kxf2 Bc3 14. Ne2 Bxa1 15. c3 Ba6 {0-1 (15) Marks,N (1984)-Walker,R Manchester 1970}) 9... Qa5+ {[%mdl 64] Double Attack} 0-1

[Event "Kurnosov Memorial Rapid 2019"]
[Site "Chelyabinsk"]
[Date "2019.09.06"]
[Round "4.10"]
[White "Ponkratov, Pavel"]
[Black "Tologontegin, Semetey"]
[Result "1-0"]
[WhiteElo "2644"]
[BlackElo "2369"]
[Annotator "TA"]
[PlyCount "97"]
[EventDate "2019.09.06"]
[EventType "swiss"]
[EventCountry "RUS"]
[SourceTitle "playchess.com"]
[Source "ChessBase"]
[SourceQuality "1"]

{[%evp 10,97,37,28,108,109,97,92,107,106,112,110,131,71,56,72,64,55,44,45,106,84,106,88,75,74,104,97,97,77,65,68,131,92,112,121,129,118,287,285,279,291,293,279,268,276,287,270,260,241,215,227,223,230,383,385,385,383,372,366,312,289,547,541,552,515,793,943,934,929,1143,1135,1487,1447,1292,1177,6756,6688,6688,6772,6621,6318,6420,5782,2745,2826,29978,29961,29961,29961]} 1. e4 g6 2. d4 Bg7 3. Be3 d6 4. Nc3 a6 5. h4 Nf6 6. f3 e5 $146 {B07: Pirc Defence: Miscellaneous Systems} (6... b5 $11) ({Predecessor:} 6... h5 7. Qd2 b5 8. O-O-O c6 9. Kb1 Qc7 10. Bf4 b4 11. Na4 a5 12. Bc4 Ba6 13. Bb3 Nbd7 14. Nh3 {1-0 (38) Leko,P (2693)-Saric,I (2652) Tallinn 2016}) 7. dxe5 $16 dxe5 8. Qxd8+ Kxd8 {White is better.} 9. O-O-O+ Nbd7 10. g4 h5 11. Bc4 (11. g5 $142 Ne8 12. Nge2) 11... hxg4 12. Bxf7 Bh6 13. Bxh6 Rxh6 14. Be6 gxf3 (14... Ke7 $14 15. Bxg4 c6) 15. Nxf3 {Strongly threatening Bxd7.} Ke7 16. Bh3 c6 17. Rdg1 Nh5 18. Rg5 Nf4 19. Bxd7 ({But not} 19. Nxe5 $6 Nxh3 20. Rxh3 Nxe5 $11) 19... Bxd7 20. Nxe5 Be8 ({Black should play} 20... Rah8 $14) 21. Ng4 Rh8 22. Re5+ Ne6 23. Nd5+ Kd6 $2 (23... cxd5 $16 24. exd5 {[%mdl 64] Pin} Bd7) 24. Rxe6+ $1 $18 {[%mdl 64] Remove Defender, Deflection, Decoy} Kxe6 25. Nc7+ {[%mdl 64] Double Attack} Ke7 {And now ...Rc8 would win.} 26. Nxa8 Bd7 27. Ne5 Rxa8 28. Nxg6+ {[%mdl 4096] Endgame KRB-KRN} Kf6 29. h5 Bg4 {[#]} 30. Rf1+ $1 Kg5 31. Rg1 {aiming for Ne5.} Re8 $2 {[#]} (31... Kxh5 {keeps fighting.} 32. Ne5 Be2) 32. h6 $1 Kxg6 33. Rxg4+ Kxh6 {KR-KR} 34. Kd2 Kh5 35. Rg7 Rxe4 $2 (35... b5 36. Ke3 Re6) 36. Rxb7 a5 37. Rb6 Rc4 (37... Re6 $142 38. Ra6 Kg6 39. Rxa5 Kf6) 38. Kd3 Rc5 39. c4 Kg4 40. Kd4 Rh5 41. Rxc6 Rh2 42. Rb6 Kf5 43. a4 Rh4+ 44. Kc5 Ke4 45. Kb5 Kd3 46. c5 Rh5 47. Rd6+ Kc2 48. b4 axb4 49. Kxb4 {Accuracy: White = 79%, Black = 30%.} 1-0

[Event "Kurnosov Memorial Rapid 2019"]
[Site "Chelyabinsk"]
[Date "2019.09.07"]
[Round "5.1"]
[White "Movsesian, Sergei"]
[Black "Matveev, Vladimir"]
[Result "1-0"]
[WhiteElo "2654"]
[BlackElo "2372"]
[Annotator "TA"]
[PlyCount "59"]
[EventDate "2019.09.06"]
[EventType "swiss"]
[EventCountry "RUS"]
[SourceTitle "playchess.com"]
[Source "ChessBase"]
[SourceQuality "1"]

{[%evp 12,59,31,12,23,22,36,4,45,24,101,106,202,137,132,139,137,145,144,89,87,31,79,35,309,296,384,421,417,407,427,429,401,402,499,513,514,503,506,507,523,519,561,561,813,787,3208,671,615,626]} 1. e4 d6 2. d4 g6 3. Nc3 Bg7 4. Be3 a6 5. Qd2 b5 6. a4 b4 7. Nce2 a5 {B06: Modern Defence} (7... Bb7 8. Ng3 a5 9. Nf3 Nd7 10. h4 h6 11. h5 g5 12. d5 e6 13. Nd4 exd5 14. exd5 Be5 15. Bb5 Bxd5 {1-0 (49) Jones,G (2623)-Petrosian,T (2625) Berlin 2015}) 8. Ng3 h5 9. h4 c5 {The position is equal.} 10. Nf3 $146 ({Predecessor:} 10. c3 cxd4 11. cxd4 Nf6 12. Nf3 O-O 13. Bh6 d5 14. Bxg7 Kxg7 15. e5 {0-1 (40) Al Mahmood,S (1593)-Mansour,S (2269) Sharjah 2018}) 10... Bg4 (10... Nc6 $11) 11. Bb5+ $16 Nd7 (11... Kf8 $16) 12. Ng5 {Strongly threatening f3.} cxd4 13. Bxd4 Ngf6 14. f3 $36 {[%mdl 2048] White is on the roll.} Be6 15. Nxe6 (15. f4 $142 {And now f5 would win.} O-O 16. f5 gxf5 17. exf5) 15... fxe6 16. Bc4 ({Better is} 16. Be3 $16) 16... d5 17. exd5 exd5 $2 {[%mdl 8192] [#]} (17... Qc7 $1 $14 18. dxe6 Qxg3+ 19. Kf1 Ne5 20. Bb5+ Kf8) 18. Bxd5 $1 $18 {[%mdl 512]} Ra6 {[#]} (18... Nxd5 19. Bxg7) 19. Qd3 $1 {[%mdl 64] Double Attack} Nxd5 20. Bxg7 ({Don't do} 20. Qxa6 Bxd4 21. Rd1 (21. Qxg6+ Kf8 $16) 21... Qb6 $18) 20... Re6+ 21. Ne4 Nf4 22. Qd2 Rg8 23. Bh6 {White is clearly winning.} ({Weaker is} 23. Qxf4 Rxg7 24. O-O-O Rf7 $18) 23... Nxg2+ 24. Qxg2 Nc5 25. Be3 Nxe4 26. fxe4 b3 27. O-O bxc2 28. Qxc2 Qb8 29. Kg2 Qb7 30. Rac1 {Accuracy: White = 50%, Black = 25%.} 1-0

[Event "Kurnosov Memorial Rapid 2019"]
[Site "Chelyabinsk"]
[Date "2019.09.07"]
[Round "5.2"]
[White "Drygalov, Andrey"]
[Black "Bocharov, Dmitry"]
[Result "1/2-1/2"]
[WhiteElo "2499"]
[BlackElo "2519"]
[Annotator "ChessBase"]
[PlyCount "93"]
[EventDate "2019.09.06"]
[EventType "swiss"]
[EventCountry "RUS"]
[SourceTitle "playchess.com"]
[Source "ChessBase"]
[SourceQuality "1"]
[TimeControl "900+10"]

1. e4 {[%emt 0:00:00]} e5 {[%emt 0:01:39]} 2. Nf3 {[%emt 0:00:00]} Nc6 {[%emt 0:00:02]} 3. Bb5 {[%emt 0:00:04]} a6 {[%emt 0:00:04]} 4. Ba4 {[%emt 0:00:02]} Nf6 {[%emt 0:00:02]} 5. O-O {[%emt 0:00:04]} Be7 {[%emt 0:00:12]} 6. d3 {[%emt 0:00:02]} b5 {[%emt 0:00:46]} 7. Bb3 {[%emt 0:00:01]} O-O {[%emt 0:00:03]} 8. Nc3 {[%emt 0:00:17]} d6 {[%emt 0:00:16]} 9. a3 {[%emt 0:00:00]} Na5 {[%emt 0:02:15]} 10. Ba2 {[%emt 0:00:01]} c5 {[%emt 0:00:01]} 11. b4 {[%emt 0:02:32]} cxb4 {[%emt 0:01:34]} 12. axb4 {[%emt 0:00:02]} Nc6 {[%emt 0:00:01]} 13. Nd5 {[%emt 0:00:11]} Nxd5 {[%emt 0:00:22]} 14. Bxd5 {[%emt 0:01:24]} Bb7 {[%emt 0:00:02]} 15. c3 {[%emt 0:01:46]} Qd7 {[%emt 0:01:21]} 16. Be3 {[%emt 0:00:41]} Bf6 {[%emt 0:01:29]} 17. Ra3 {[%emt 0:03:29]} Ne7 {[%emt 0:00:46]} 18. Bxb7 {[%emt 0:00:01]} Qxb7 {[%emt 0:00:01]} 19. Qb3 {[%emt 0:01:54]} d5 {[%emt 0:01:40]} 20. Nd2 {[%emt 0:01:14]} d4 {[%emt 0:02:09]} 21. cxd4 {[%emt 0:00:01]} exd4 {[%emt 0:00:01]} 22. Bf4 {[%emt 0:00:00]} Ng6 {[%emt 0:00:02]} 23. Bg3 {[%emt 0:00:30]} Rfc8 {[%emt 0:00:03]} 24. Qa2 {[%emt 0:00:17]} Rc3 {[%emt 0:01:45]} 25. Ra1 {[%emt 0:01:32]} Rac8 {[%emt 0:00:19]} 26. Nb3 {[%emt 0:01:46]} h5 {[%emt 0:00:36]} 27. Nc5 {[%emt 0:00:28]} Qe7 {[%emt 0:00:42]} 28. Rxa6 {[%emt 0:00:13]} h4 {[%emt 0:00:03]} 29. Bd6 {[%emt 0:00:04]} Qe8 {[%emt 0:00:02]} 30. h3 {[%emt 0:00:11]} Be5 {[%emt 0:00:16]} 31. Bxe5 {[%emt 0:01:00]} Nxe5 {[%emt 0:00:20]} 32. Qd2 {[%emt 0:00:07]} Nc6 {[%emt 0:00:29]} 33. Qb2 {[%emt 0:00:16]} Ne5 {[%emt 0:00:29]} 34. R6a3 {[%emt 0:00:11]} Rxa3 {[%emt 0:00:14]} 35. Rxa3 {[%emt 0:00:01]} Qe7 {[%emt 0:00:01]} 36. Qxd4 {[%emt 0:00:08]} Rd8 {[%emt 0:00:21]} 37. Qe3 {[%emt 0:00:02]} Nc6 {[%emt 0:00:01]} 38. Qd2 {[%emt 0:00:32]} Qe5 {[%emt 0:00:08]} 39. Ra6 {[%emt 0:00:05]} Rd6 {[%emt 0:00:07]} 40. Ra2 {[%emt 0:00:14]} Qd4 {[%emt 0:00:10]} 41. Qg5 {[%emt 0:00:08]} Rd8 {[%emt 0:00:18]} 42. Nb7 {[%emt 0:00:10]} Rb8 {[%emt 0:00:16]} 43. Qxb5 {[%emt 0:00:09]} Nxb4 {[%emt 0:00:06]} 44. Ra4 {[%emt 0:00:03]} Qc3 {[%emt 0:00:10]} 45. Rxb4 {[%emt 0:00:23]} Qc1+ {[%emt 0:00:06]} 46. Kh2 {[%emt 0:00:06]} Qf4+ {[%emt 0:00:03]} 47. Kg1 {[%emt 0:00:02]} 1/2-1/2

[Event "Kurnosov Memorial Rapid 2019"]
[Site "Chelyabinsk"]
[Date "2019.09.07"]
[Round "5.3"]
[White "Belyakov, Bogdan"]
[Black "Romanov, Evgeny"]
[Result "1/2-1/2"]
[WhiteElo "2495"]
[BlackElo "2579"]
[Annotator "ChessBase"]
[PlyCount "68"]
[EventDate "2019.09.06"]
[EventType "swiss"]
[EventCountry "RUS"]
[SourceTitle "playchess.com"]
[Source "ChessBase"]
[SourceQuality "1"]
[TimeControl "900+10"]

1. e4 {[%emt 0:00:00]} e6 {[%emt 0:00:00]} 2. d4 {[%emt 0:00:02]} d5 {[%emt 0:00:00]} 3. Nc3 {[%emt 0:00:02]} Bb4 {[%emt 0:00:02]} 4. Nge2 {[%emt 0:00:14]} Nc6 {[%emt 0:00:03]} 5. a3 {[%emt 0:00:07]} Ba5 {[%emt 0:00:02]} 6. e5 {[%emt 0:01:04]} f6 {[%emt 0:00:58]} 7. exf6 {[%emt 0:02:21]} Qxf6 {[%emt 0:00:33]} 8. Bf4 {[%emt 0:01:38]} Bxc3+ {[%emt 0:02:19]} 9. bxc3 {[%emt 0:00:04]} Nge7 {[%emt 0:00:01]} 10. Bxc7 {[%emt 0:00:54]} O-O {[%emt 0:00:02]} 11. f4 {[%emt 0:00:02]} Nf5 {[%emt 0:01:43]} 12. Qd3 {[%emt 0:01:52]} Bd7 {[%emt 0:00:29]} 13. g3 {[%emt 0:00:11]} Rac8 {[%emt 0:00:09]} 14. Be5 {[%emt 0:00:02]} Nxe5 {[%emt 0:00:18]} 15. dxe5 {[%emt 0:00:11]} Qe7 {[%emt 0:00:17]} 16. Bh3 {[%emt 0:00:12]} Rc4 {[%emt 0:03:16]} 17. Bxf5 {[%emt 0:02:26]} Rxf5 {[%emt 0:00:02]} 18. O-O {[%emt 0:00:02]} Qc5+ {[%emt 0:00:02]} 19. Rf2 {[%emt 0:00:02]} Rf8 {[%emt 0:00:17]} 20. Rb1 {[%emt 0:00:31]} b5 {[%emt 0:01:59]} 21. Rb3 {[%emt 0:00:39]} a5 {[%emt 0:00:01]} 22. Kg2 {[%emt 0:00:48]} Rc8 {[%emt 0:01:25]} 23. Rf3 {[%emt 0:00:11]} Be8 {[%emt 0:00:16]} 24. Nd4 {[%emt 0:02:27]} Bg6 {[%emt 0:00:04]} 25. f5 {[%emt 0:00:04]} exf5 {[%emt 0:00:16]} 26. Rxb5 {[%emt 0:00:12]} Qxa3 {[%emt 0:00:42]} 27. Nxf5 {[%emt 0:00:39]} Rxc3 {[%emt 0:01:11]} 28. Qxd5+ {[%emt 0:00:31]} Kh8 {[%emt 0:00:03]} 29. Qd7 {[%emt 0:01:56]} Rxc2+ {[%emt 0:01:58]} 30. Kh3 {[%emt 0:00:08]} Bxf5+ {[%emt 0:00:01]} 31. Qxf5 {[%emt 0:00:06]} Qa2 {[%emt 0:01:05]} 32. Qf8+ {[%emt 0:00:08]} Qg8 {[%emt 0:00:03]} 33. Qxg8+ {[%emt 0:00:03]} Kxg8 {[%emt 0:00:01]} 34. Rxa5 {[%emt 0:00:02]} Re2 {[%emt 0:00:03]} 1/2-1/2

[Event "Kurnosov Memorial Rapid 2019"]
[Site "Chelyabinsk"]
[Date "2019.09.07"]
[Round "5.4"]
[White "Gabrielian, Artur"]
[Black "Ponkratov, Pavel"]
[Result "1/2-1/2"]
[WhiteElo "2466"]
[BlackElo "2644"]
[Annotator "TA"]
[PlyCount "132"]
[EventDate "2019.09.06"]
[EventType "swiss"]
[EventCountry "RUS"]
[SourceTitle "playchess.com"]
[Source "ChessBase"]
[SourceQuality "1"]

{[%evp 10,132,34,26,39,31,33,0,32,0,19,16,14,0,0,-13,0,0,2,-44,-48,-133,-14,-91,-56,-100,-101,-100,-89,-91,-104,-102,-113,-105,-57,-50,-38,-46,-34,-57,-58,-64,-82,-132,-108,-152,-133,-241,-231,-387,-391,-389,-392,-391,-391,-391,-391,-379,-373,-540,-367,-369,-195,-187,-190,-186,-179,-317,-319,-329,-138,-324,-327,-401,-400,-392,-387,-481,-481,-455,-350,-355,-342,-317,-222,-710,-710,-710,-231,-469,-244,-244,-8,-8,0,0,0,0,-7,-7,-8,-8,0,0,0,0,0,0,0,0,0,0,0,0,0,0,0,0,0,0,0,0,0,0,0]} 1. e4 e5 2. Nf3 Nc6 3. Bc4 Nf6 4. d3 h6 5. O-O d6 6. c3 g5 {C55: Two Knights: 4 d3, 4 d4 exd4 5 e5 and Max Lange Attack} 7. a4 Bg7 8. Na3 {[%cal Bb1a3,Ba3c2,Bc2e3][%mdl 32]} O-O 9. Nc2 d5 $146 ({Predecessor:} 9... Ne7 10. Re1 c6 11. Ba2 Ng6 12. Ne3 Qc7 13. Nd2 Be6 14. Ndf1 {1-0 (38) Movsesian,S (2635)-Dhulipalla,B (2268) Pardubice 2018}) 10. exd5 Nxd5 11. Re1 Be6 12. a5 Qd6 13. Nd2 f5 14. Ne3 Nf4 $36 {[%mdl 2048] Black has some pressure.} 15. Qb3 (15. b4 $15) 15... Kh7 (15... Bxc4 $17 16. Ndxc4 Qe6) 16. Bxe6 (16. g3 $11 {remains equal.} Bxc4 17. Nexc4 Nh3+ 18. Kg2 Qd5+ 19. f3) 16... Nxe6 17. d4 exd4 {[#]} 18. Nxf5 $1 {[%mdl 512]} Rxf5 19. Rxe6 {[#]} Qd7 $1 20. a6 b6 21. Re1 Raf8 22. Ne4 $1 Kh8 23. Bd2 d3 24. Rad1 Ne5 25. Be3 c5 26. c4 Qe6 27. Ng3 R5f7 28. Nh5 (28. Rxd3 $17 Nxd3 {[%mdl 64] Discovered Attack} 29. Qxd3) 28... Qg4 $19 (28... Qxc4 29. Qxc4 Nxc4 30. Nxg7 $17) 29. Nxg7 $2 {[#]} (29. Ng3 {only move.}) 29... Nf3+ $1 (29... Kxg7 30. Qc3 $11) (29... Rxg7 30. Kh1 $17) 30. Kh1 {And now h3 would win.} Nxe1 (30... Kxg7 31. h3 $11 (31. gxf3 Qxf3+ 32. Kg1 Qg4+ 33. Kf1 Rxf2+ 34. Bxf2 Qf3 $19)) (30... Rxg7 31. gxf3 Qxf3+ 32. Kg1 $11) 31. Rxe1 d2 $1 {[%cal Rd2e1]} (31... Rxg7 32. Qxd3 Qf5 33. Qxf5 $17) (31... Kxg7 32. Qc3+ Kg8 33. Qxd3 $17) 32. Rg1 Rd8 (32... Kxg7 33. Qc3+ Kg8 34. Qxd2 $19) ({Weaker is} 32... Rxg7 33. Bxd2 Rd7 34. f3 $17) 33. f3 Qd7 34. Ne6 (34. Rd1 $142 Qd3 35. Qxd3 Rxd3 36. Bxd2) 34... Qxe6 35. Qc3+ Qf6 (35... Kh7 $142 36. Bxd2 Qe2) 36. Bxd2 Qxc3 37. Bxc3+ {[%mdl 4096] Endgame KRR-KRB} Kh7 38. h4 {[#]} (38. Re1 {was necessary.}) 38... Rf4 $1 {[%cal Rf4h4]} 39. Re1 Rxh4+ 40. Kg1 {intending Re7+.} Rd7 ({Less strong is} 40... Rxc4 41. Re7+ Kg6 42. Rxa7 $17) 41. b3 Rf4 42. Kf2 Rff7 43. b4 cxb4 44. Bxb4 g4 45. c5 {If White can now play cxb6 this consolidates a bit.} gxf3 46. gxf3 {Now cxb6 and White clings on.} Rd4 47. cxb6 $2 (47. Rb1) 47... Rxb4 48. b7 Rf8 $2 (48... Rb2+ 49. Kg3 Rg7+ 50. Kh3 Rb6) 49. Re7+ $2 (49. Rc1 {is the only way for White.}) 49... Kg6 (49... Kg8 $142 50. Rc7 h5) 50. Rc7 Rb6 $2 (50... Rb3 $19 51. Rc8 Rfxf3+ 52. Ke2 Rf6 53. Rg8+ Kf5) 51. Rc8 $11 {The position is equal.} Rf7 52. Rg8+ Kh5 53. b8=Q Rxb8 54. Rxb8 {KR-KR} Rf6 55. Rg8 Rxa6 56. f4 Rg6 57. Ra8 a6 58. Kf3 Rb6 59. Rg8 Rc6 60. f5 a5 61. Kf4 Rc4+ 62. Ke5 Rc5+ 63. Ke6 {f6 is the strong threat.} Rc6+ 64. Kd5 Rb6 65. Ke5 Rb5+ 66. Ke6 Rb6+ {Accuracy: White = 45%, Black = 72%.} 1/2-1/2

[Event "Kurnosov Memorial Rapid 2019"]
[Site "Chelyabinsk"]
[Date "2019.09.07"]
[Round "5.5"]
[White "Mischuk, Dmitry"]
[Black "Bareev, Evgeny"]
[Result "1/2-1/2"]
[WhiteElo "2372"]
[BlackElo "2643"]
[Annotator "TA"]
[PlyCount "91"]
[EventDate "2019.09.06"]
[EventType "swiss"]
[EventCountry "RUS"]
[SourceTitle "playchess.com"]
[Source "ChessBase"]
[SourceQuality "1"]

{[%evp 12,91,9,15,27,14,25,0,0,0,0,-14,-17,-13,-18,-10,-8,-8,0,0,6,-10,-6,-39,-23,-50,-60,-55,-49,-62,-45,-64,-11,-16,-14,-47,0,0,0,-58,-35,-76,0,0,10,-7,-4,-20,-18,-25,0,0,0,-8,-7,0,7,0,4,4,4,0,0,-6,-10,-8,-13,-22,-7,-37,0,-21,-21,-21,-21,-42,0,0,248,257,540,527]} 1. e4 c5 2. Nf3 e6 3. d4 cxd4 4. Nxd4 a6 5. Bd3 Qc7 6. Nd2 Nf6 7. O-O Bc5 {B42: Sicilian: Kan Variation: 5 Bd3} 8. N2f3 (8. N4b3 Be7 9. f4 d6 10. Nf3 Nc6 11. c3 O-O 12. Qe2 b6 13. Bd2 Bb7 14. Rae1 Nd7 15. Nbd4 {1-0 (58) Fedoseev,V (2662)-Yu,Y (2675) Dubai 2014}) 8... d6 9. Nb3 Ba7 {The position is equal.} 10. Bd2 $146 ({Predecessor:} 10. Qe2 Nbd7 11. h3 b5 12. Be3 Bxe3 13. Qxe3 Bb7 14. Rfe1 O-O {1-0 (37) Butschek,T (1727)-Klassen,O (1563) Kassel 2003}) 10... Nc6 11. c4 O-O 12. Rc1 $1 h6 13. Qe2 Rd8 14. Rfd1 a5 15. h3 e5 (15... a4 $5 16. Na1 $8 Bc5 $11) 16. Qe1 Be6 17. Bc3 (17. Na1 {looks sharper.} Qc8 18. Bf1 Nb8 19. a3 Bb6 20. Be3) 17... Bc5 (17... Nh5 {feels hotter.} 18. Bf1 Nf4 19. a4 Bd7 20. Qd2 f6) 18. Nxc5 dxc5 19. Qe2 b6 20. b3 Re8 21. Nd2 {[%cal Bf3d2,Bd2f1,Bf1e3][%mdl 32]} Nd7 (21... Nd4 $15 22. Qf1 Nh5) 22. Nf1 $11 Nd4 23. Qe1 Nf8 24. Ne3 Ng6 25. Bf1 (25. Kh1 $11) 25... Nf4 $1 $15 26. Kh1 {[#]} Qd6 (26... Bxh3 $1 $17 {[%mdl 512]} 27. Nd5 (27. gxh3 $2 Nf3 $19) 27... Nxd5 28. cxd5 Bc8) 27. Nd5 (27. f3 {keeps more tension.} Bd7 28. Rb1 Bc6 29. Qh4 Bb7 30. Rd2) 27... Nxd5 28. cxd5 Bd7 29. Rd3 f5 30. f3 fxe4 31. fxe4 Rf8 32. Rg3 Rf6 33. Bd3 Raf8 34. Bd2 Kh8 35. Be3 Be8 36. Bxd4 cxd4 37. Rc8 Bd7 38. Rxf8+ Qxf8 39. Qc1 Qc5 40. Qd2 Bb5 41. Kh2 Be8 42. Qe2 Rf4 43. Qd1 Qf8 44. Qc2 {Strongly threatening Qc7.} Kh7 $2 (44... Qc5 $11 {and Black stays safe.}) 45. Qc7 $18 Rf6 $2 (45... Qf6 46. d6 Qf7 47. Qxb6 h5) 46. Qxe5 {[%mdl 32768] Accuracy: White = 46%, Black = 43%. . An unexpected result.} 1/2-1/2